| 000 | 01176nam a22003495i 4500 | ||
|---|---|---|---|
| 999 |
_c16743 _d16743 |
||
| 001 | 21986885 | ||
| 003 | OSt | ||
| 005 | 20220316104950.0 | ||
| 008 | 210409s2021 cau 000 0 eng | ||
| 010 | _a 2021936818 | ||
| 020 |
_a9781529751987 _q(paperback) |
||
| 020 |
_z9781529758832 _q(epub) |
||
| 040 |
_aDLC _beng _erda _cDLC |
||
| 042 | _apcc | ||
| 082 |
_22021 _aDC 371.102 _bT371 |
||
| 100 | 1 |
_aThompson, Carol, _eauthor. _944765 |
|
| 245 | 1 | 0 |
_aBeing a teacher: _bthe trainee teacher's guide to developing the personal and professional skills you need/ _cCarol Thompson, Peter Wolstencroft, authors |
| 263 | _a2106 | ||
| 264 | 1 |
_aThousand Oaks: _bSage, _c©2021. |
|
| 300 |
_axii, 135 pages: _billustrations; _c24 cm. |
||
| 336 |
_atext _btxt _2rdacontent |
||
| 337 |
_aunmediated _bn _2rdamedia |
||
| 338 |
_avolume _bnc _2rdacarrier |
||
| 500 | _aIncludes bibliographical references and index. | ||
| 650 |
_a Teaching _944766 |
||
| 650 |
_aMotivation in education _941481 |
||
| 650 |
_aTeachers _944767 |
||
| 700 |
_aWolstencroft, Peter, _eauthor _944768 |
||
| 906 |
_a0 _bibc _corignew _d2 _eepcn _f20 _gy-gencatlg |
||
| 942 |
_2ddc _cDC |
||